000 00244nam a2200097Ia 4500
001 1161077
005 20250827011618.0
008 250824s9999 xx 000 0 und d
245 0 _aKURTLAR SOFRASINDA
_cHANS FALADA
260 _bKETEBE YAYINLARI
999 _c1161077
_d1161077